[Event "Tourn. n10088"]
[Site "www.echecsemail.com"]
[Date "2019.04.15"]
[Round "1"]
[White "Seger"]
[Black "Reignblowcan"]
[WhiteElo "2780"]
[BlackElo "2590"]
[Result "1-0"]
[Round "1"]
1.d4 Ng8f6
2.c4 e6
3.Nb1c3 Bf8b4
4.Qd1c2 d5
5.cxd5 exd5
6.Bc1g5 h6
7.Bg5h4 g5
8.Bh4g3 Nf6e4
9.f3 Ne4xg3
10.hxg3 c6
11.a3 Bb4xc3
12.Qc2xc3 Bc8f5
13.e4 dxe4
14.O-O-O Qd8d6
15.fxe4 Bf5xe4
16.Rd1e1 f5
17.Ng1f3 O-O
18.Bf1c4 Kg7
19.d5 Qd6f6
20.Nf3d4 Kh7
21.Re1xe4 fxe4
22.Rh1f1 Qf6xf1
23.Bc4xf1 Rf8xf1
24.Kd2 { resign }
1-0

[Event "Match"]
[Site "www.echecsemail.com"]
[Date "2019.04.15"]
[Round "1"]
[White "Pforjan"]
[Black "Apdash"]
[WhiteElo "2330"]
[BlackElo "2180"]
[Result "1-0"]
[Round "1"]
1.e4 c5
2.Nb1c3 e6
3.g3 Nb8c6
4.Bf1g2 g6
5.d3 Bf8g7
6.f4 Ng8e7
7.Ng1f3 O-O
8.O-O d6
9.Bc1e3 a6
10.Ra1b1 b5
11.Nc3e2 Bc8b7
12.Qd1d2 a5
13.Nf3g5 h6
14.Ng5f3 Kh7
15.g4 f5
16.gxf5 exf5
17.Ne2g3 b4
18.h4 fxe4
19.dxe4 Qd8c7
20.h5 Ra8d8
21.hxg6 Ne7xg6
22.Ng3h5 Bb7c8
23.Nh5xg7 Kxg7
24.f5 Rf8h8
25.fxg6 Bc8e6
26.b3 Nc6e5
27.c4 Ne5xg6
28.Qd2f2 Be6g4
29.Qf2g3 h5
30.Nf3g5 Rd8d7
31.Rb1b2 Rh8f8
32.Rb2f2 Rf8xf2
33.Rf1xf2 Kg8
34.e5 dxe5
35.Bg2d5 Kh8
36.Rf2f6 Rd7xd5
37.cxd5 Ng6f4
38.Be3xf4 exf4
39.Qg3xf4 Qc7xf4
40.Rf6xf4 Kg7
41.Ng5e6 { resign }
1-0

[Event "Tourn. n10069"]
[Site "www.echecsemail.com"]
[Date "2019.04.16"]
[Round "1"]
[White "Cal"]
[Black "Jjmcbride"]
[WhiteElo "1860"]
[BlackElo "1600"]
[Result "0-1"]
[Round "1"]
1.c4 e5
2.e4 Ng8f6
3.d3 c6
4.Bc1g5 Bf8b4
5.Nb1d2 d5
6.exd5 cxd5
7.b3 e4
8.Bf1e2 d4
9.Ng1h3 h6
10.Bg5h4 e3
11.fxe3 dxe3
12.O-O exd2
13.Nh3f4 g5
14.Bh4xg5 hxg5
15.a3 Bb4c5
16.Kh1 gxf4
17.Qd1xd2 Bc5e3
18.Qd2b4 Nb8c6
19.Qb4e1 Nf6h5
20.Rf1f3 Nh5g3
21.Rf3xg3 fxg3
22.h3 Qd8g5
23.b4 Bc8xh3
24.gxh3 Rh8xh3
25.Kg2 Rh3h2
26.Kf3 Qg5f4
{ resign }
0-1

[Event "Tourn. n10068"]
[Site "www.echecsemail.com"]
[Date "2019.04.16"]
[Round "1"]
[White "Bojan"]
[Black "Ff333"]
[WhiteElo "2010"]
[BlackElo "2000"]
[Result "1-0"]
[Round "1"]
1.e4 e5
2.Ng1f3 d6
3.b3 Ng8f6
4.Nb1c3 h6
5.h3 a6
6.Nf3h2 h5
7.Nh2f3 Nf6h7
8.d4 exd4
9.Qd1xd4 Nb8c6
10.Qd4e3 Nc6e5
11.Bc1a3 c6
12.O-O-O Qd8f6
13.Bf1e2 Ne5xf3
14.Be2xf3 Nh7g5
15.Bf3e2 Bc8e6
16.Ba3xd6 Be6xb3
17.e5 Qf6g6
18.axb3 Ng5e6
19.g3 Bf8xd6
20.exd6 O-O-O
21.g4 h4
22.f4 Ne6f8
23.Qe3c5 Nf8d7
24.Qc5d4 Rh8e8
25.Be2d3 Qg6f6
26.Qd4b4 g6
27.Nc3a4 b5
28.g5 Qf6g7
29.Na4b2 Nd7b6
30.Bd3e4 Kb7
31.Rh1e1 Qg7f8
32.Qb4c5 Rd8c8
33.Be4f3 Nb6d7
34.Qc5b4 Kb6
35.Bf3g4 Re8xe1
36.Rd1xe1 c5
37.Qb4d2 Rc8d8
38.Re1e7 Nd7b8
39.Qd2d5 Nb8c6
40.Nb2d3 Nc6xe7
41.Qd5xc5 Kb7
42.Bg4f3 Ne7d5
43.Bf3xd5 { resign }
1-0

[Event "Match"]
[Site "www.echecsemail.com"]
[Date "2019.04.16"]
[Round "1"]
[White "Apdash"]
[Black "Joseph1983"]
[WhiteElo "2190"]
[BlackElo "2130"]
[Result "0-1"]
[Round "1"]
1.e4 c5
2.Ng1f3 d6
3.d4 cxd4
4.Nf3xd4 Ng8f6
5.Nb1c3 g6
6.Bf1c4 Bf8g7
7.O-O O-O
8.Bc1g5 h6
9.Bg5h4 Nb8c6
10.Nd4xc6 bxc6
11.Qd1e2 Nf6d7
12.Kh1 Nd7e5
13.Bc4b3 a5
14.f4 Bc8a6
15.Qe2d2 Ba6xf1
16.fxe5 Bf1a6
17.exd6 Qd8xd6
18.Qd2e3 Rf8d8
19.Bh4g3 Qd6d4
20.Qe3f3 Qd4f6
21.Qf3g4 h5
22.Qg4f4 Qf6xf4
23.Bg3xf4 Bg7xc3
24.bxc3 e5
25.Bf4xe5 Rd8e8
26.Be5c7 Re8xe4
27.Bc7xa5 Ba6c4
28.Ba5b4 Bc4xb3
29.cxb3 Ra8xa2
30.Ra1d1 Ra2d2
31.Rd1a1 Rd2e2
32.c4 Re2e3
33.Ra1a8 Re4e8
34.Ra8xe8 Re3xe8
35.Bb4a5 Re8e3
36.h3 Re3xb3
37.c5 Kf8
38.Ba5c7 Ke7
39.Kh2 Ke6
40.h4 Kd5
41.Bc7d6 Rb3b5
42.Kg3 Rb5xc5
43.Bd6xc5 Kxc5
44.Kf4 Kd4
45.Kg5 c5
46.Kf6 c4
47.Kxf7 c3
48.Kxg6 Ke5
49.Kxh5 c2
50.g4 c1Q
51.Kg6 Qc1c6
52.Kg7 Qc6f6
{ resign }
0-1

[Event "Tourn. n10051"]
[Site "www.echecsemail.com"]
[Date "2019.04.16"]
[Round "1"]
[White "Comrade"]
[Black "Jazzy"]
[WhiteElo "2270"]
[BlackElo "2210"]
[Result "0-1"]
[Round "1"]
1.c4 Ng8f6
2.d4 e6
3.Nb1c3 d5
4.a3 Bf8e7
5.Ng1f3 O-O
6.b4 a5
7.b5 c5
8.e3 Nb8d7
9.Bf1e2 cxd4
10.Nf3xd4 dxc4
11.Be2xc4 Qd8c7
12.Qd1b3 Nd7b6
13.Bc4e2 e5
14.Nd4f3 a4
15.Qb3b2 Bc8e6
16.O-O Rf8c8
17.Bc1d2 Nb6c4
18.Be2xc4 Be6xc4
19.Rf1c1 e4
20.Nf3g5 Nf6g4
21.f4 Be7xg5
22.h3 Bg5xf4
23.exf4 Qc7b6
24.Kh1 Ng4f2
25.Kh2 Nf2d3
26.Qb2b1 Nd3xc1
27.Qb1xc1 Bc4d3
28.Qc1e1 Rc8c4
29.Bd2e3 Qb6d6
30.b6 Ra8c8
31.Nc3b5 Qd6e7
32.Ra1d1 Rc8d8
33.Be3d2 Qe7d7
34.Nb5c3 Bd3c2
{ resign }
0-1

[Event "Tourn. n10081"]
[Site "www.echecsemail.com"]
[Date "2019.04.16"]
[Round "1"]
[White "Eugenius"]
[Black "Ditto"]
[WhiteElo "1729"]
[BlackElo "1760"]
[Result "1-0"]
[Round "1"]
1.d4 d5
2.Ng1f3 Nb8c6
3.Bc1f4 Bc8g4
4.Nb1d2 e6
5.e3 Bf8b4
6.c3 Bb4a5
7.Qd1a4 Ng8e7
8.Bf1d3 O-O
9.O-O a6
10.Qa4c2 Ne7g6
11.Bf4g3 Ba5b6
12.h3 Bg4h5
13.Bg3h2 Rf8e8
14.g4 Bh5xg4
15.hxg4 Qd8f6
16.Bh2g3 Qf6d8
17.Kg2 Nc6e7
18.Rf1h1 c5
19.Bd3xg6 Ne7xg6
20.Nf3e5 cxd4
21.cxd4 Ra8c8
22.Qc2d3 Qd8g5
23.Rh1h5 Qg5e7
24.Ra1h1 Ng6f8
25.Rh5xh7 Nf8xh7
26.Qd3xh7 Kf8
27.Qh7h8 { resign }
1-0

[Event "Tourn. n10084"]
[Site "www.echecsemail.com"]
[Date "2019.04.16"]
[Round "1"]
[White "Bojan"]
[Black "Bevittsmith"]
[WhiteElo "2020"]
[BlackElo "2230"]
[Result "1/2-1/2"]
[Round "1"]
1.e4 c5
2.e5 Nb8c6
3.f4 e6
4.Ng1f3 d5
5.d4 cxd4
6.Nf3xd4 Bf8c5
7.Nd4f3 Ng8e7
8.a3 a6
9.g4 Qd8c7
10.Bf1d3 Bc8d7
11.Bc1d2 O-O-O
12.Nb1c3 f6
13.exf6 gxf6
14.Qd1e2 Rh8e8
15.O-O-O e5
16.fxe5 fxe5
17.Bd3xh7 Bd7xg4
18.Qe2g2 Bg4xf3
19.Qg2xf3 Nc6d4
20.Qf3g4 Kb8
21.Bd2e3 Nd4b3
22.cxb3 Bc5xe3
23.Kb1 d4
24.Nc3e2 Ne7d5
25.Bh7e4 Nd5f6
26.Qg4g2 Nf6xe4
27.Qg2xe4 Qc7c6
28.Qe4xc6 bxc6
29.b4 e4
30.Ne2g3 Be3f2
31.Kc2 d3
32.Kc3 Bf2d4
33.Kb3 Bd4f2
34.Kc3 Bf2d4
35.Kb3 Bd4f2
{ draw }
1/2-1/2

[Event "Match"]
[Site "www.echecsemail.com"]
[Date "2019.04.16"]
[Round "1"]
[White "Cal"]
[Black "Chessdna"]
[WhiteElo "1870"]
[BlackElo "1499"]
[Result "0-1"]
[Round "1"]
1.c4 e5
2.e4 c6
3.a3 g5
4.d3 d6
5.Nb1c3 h5
6.h3 h4
7.Ng1f3 f6
8.b4 a6
9.Bf1e2 b5
10.c5 dxc5
11.bxc5 Bf8xc5
12.Bc1b2 g4
13.Nf3h2 g3
14.fxg3 hxg3
15.Nh2f1 Bc5f2
16.Kd2 Qd8b6
17.Be2h5 Kd8
18.Qd1f3 Bc8e6
19.Kc2 Nb8d7
20.Nf1d2 a5
21.Bh5g6 Ng8e7
22.Nc3d1 Qb6c5
23.Bb2c3 Ne7xg6
24.Nd1b2 Ng6h4
25.Qf3e2 Bf2d4
26.Nb2d1 Nd7b6
27.Nd2b1 f5
28.Nb1d2 Nb6a4
29.Nd2b1 Be6f7
30.Rh1f1 Bf7h5
31.Qe2e1 f4
32.Qe1d2 Ra8b8
33.Kb3 Bh5f7
34.Kc2 b4
35.axb4 Rb8xb4
36.Ra1a3 Bd4e3
37.Nd1xe3 fxe3
38.Qd2xe3 Rb4b2
39.Kc1 Qc5xe3
40.Bc3d2 Qe3c5
41.Bd2c3 Bf7a2
42.Ra3xa4 Rb2xb1
43.Kc2 Rb1xf1
44.Ra4xa2 Rf1f2
45.Kb3 Rf2xa2
{ resign }
0-1

[Event "Tourn. n10086"]
[Site "www.echecsemail.com"]
[Date "2019.04.16"]
[Round "1"]
[White "Cvilhena1976"]
[Black "Fegatux"]
[WhiteElo "2310"]
[BlackElo "2240"]
[Result "1-0"]
[Round "1"]
1.e4 e6
2.d4 d5
3.Nb1c3 Ng8f6
4.e5 Nf6d7
5.f4 c5
6.Ng1f3 Nb8c6
7.Bc1e3 Qd8b6
8.Nc3a4 Qb6a5
9.c3 b5
10.Na4xc5 Bf8xc5
11.dxc5 b4
12.a3 b3
13.Qd1xb3 Nd7xc5
14.Qb3b5 Bc8d7
15.Qb5xc5 f6
16.Bf1b5 Qa5c7
17.f5 a6
18.fxe6 axb5
19.Nf3d4 Qc7xe5
20.exd7 Kf7
21.Nd4xc6 { resign }
1-0

[Event "Tourn. n10075"]
[Site "www.echecsemail.com"]
[Date "2019.04.17"]
[Round "1"]
[White "Hansen"]
[Black "Cal"]
[WhiteElo "1760"]
[BlackElo "1860"]
[Result "1-0"]
[Round "1"]
1.e4 e5
2.Bf1c4 Ng8f6
3.Nb1c3 a6
4.g4 Bf8b4
5.g5 Nf6g8
6.Nc3d5 Bb4c5
7.Ng1f3 d6
8.g6 fxg6
9.d3 Bc8e6
10.Nd5c3 c6
11.Bc4xe6 Ng8f6
12.Bc1g5 h6
13.Bg5h4 Qd8e7
14.Be6c4 b5
15.Bc4b3 g5
16.Bh4g3 Nb8d7
17.h4 a5
18.hxg5 Nf6g4
19.gxh6 gxh6
20.d4 exd4
21.Nc3e2 a4
22.Bg3h4 Qe7f8
23.Rh1h3 h5
24.Nf3g5 Qf8e7
25.Ng5f7 Qe7xf7
26.Bb3xf7 Kxf7
27.Rh3f3 Kg8
28.a3 Nd7e5
29.Rf3f4 Bc5b6
30.Ne2g3 Rh8h7
31.Ng3f5 Ne5g6
32.c3 Ng6xf4
33.Bh4g3 Nf4g2
34.Kd2 Ra8e8
35.Qd1f3 dxc3
36.bxc3 Ng4f6
37.e5 dxe5
38.Ra1g1 Re8d8
39.Kc2 h4
40.Bg3xe5 h3
41.Qf3g3 Kf7
42.Rg1h1 Nf6e4
43.Qg3g4 Rd8d2
44.Kc1 Ne4xf2
45.Nf5d6 Rd2xd6
46.Qg4f3 Ke6
47.Qf3f6 Kd5
48.Qf6xd6 Ke4
49.Be5g3 Nf2d3
50.Kc2 Ng2e3
51.Kb1 Ne3c4
52.Qd6g6 Kf3
53.Qg6xd3 Bb6e3
54.Bg3e1 Nc4xa3
55.Kb2 Na3c4
56.Kc2 h2
57.Qd3xh7 c5
58.Rh1xh2 Nc4a3
59.Kd1 Na3c4
60.Qh7f5 Be3f4
61.Rh2f2 Ke3
62.Qf5xf4 Kd3
63.Rf2f3 { resign }
1-0

[Event "Match"]
[Site "www.echecsemail.com"]
[Date "2019.04.17"]
[Round "1"]
[White "Tbsundar"]
[Black "Geodad5"]
[WhiteElo "2170"]
[BlackElo "2150"]
[Result "1-0"]
[Round "1"]
1.d4 d5
2.Ng1f3 Ng8f6
3.Nb1d2 e6
4.e3 c5
5.c3 Nb8c6
6.Bf1b5 Bc8d7
7.O-O a6
8.Bb5a4 b5
9.Ba4b3 c4
10.Bb3c2 Bf8d6
11.Qd1e2 O-O
12.e4 dxe4
13.Nd2xe4 Nf6xe4
14.Qe2xe4 f5
15.Qe4e2 Qd8c7
16.a4 e5
17.dxe5 Nc6xe5
18.Nf3d4 Ra8e8
19.axb5 axb5
20.Qe2d1 Ne5g4
21.h3 Ng4e5
22.Qd1h5 g6
23.Qh5h6 Ne5f7
24.Qh6d2 Re8e7
25.Ra1a6 Rf8e8
26.Bc2d1 Qc7b7
27.Ra6a1 b4
28.Bd1f3 Qb7b6
29.Bf3d5 Bd7b5
30.Qd2g5 Re7e5
31.Bd5xf7 Kxf7
32.Qg5h6 Re8h8
33.Bc1e3 Bd6c5
34.Nd4xb5 Qb6xb5
35.Be3xc5 Qb5xc5
36.cxb4 Qc5xb4
37.Ra1a7 Re5e7
38.Rf1a1 Ke6
39.Qh6e3 Kf7
40.Ra7xe7 Qb4xe7
41.Ra1a7 Rh8e8
42.Ra7xe7 Re8xe7
43.Qe3c3 Re7c7
44.b3 { resign }
1-0

[Event "Tourn. n10050"]
[Site "www.echecsemail.com"]
[Date "2019.04.17"]
[Round "1"]
[White "Passaroa25"]
[Black "Cal"]
[WhiteElo "1710"]
[BlackElo "1900"]
[Result "1-0"]
[Round "1"]
1.Ng1f3 Nb8c6
2.c3 e5
3.e4 a6
4.d3 h6
5.Nb1d2 d6
6.Nd2b3 Ng8f6
7.Bc1d2 Bf8e7
8.Bf1e2 Bc8e6
9.Qd1c2 O-O
10.Nf3h4 Nf6h7
11.O-O Be7xh4
12.g3 Bh4g5
13.f4 exf4
14.Bd2xf4 Bg5xf4
15.Rf1xf4 Nh7g5
16.Be2f1 Nc6e5
17.Bf1g2 Be6xb3
18.Qc2xb3 b5
19.Ra1d1 c6
20.Qb3c2 c5
21.b4 Ra8c8
22.Qc2e2 Ne5g6
23.Rf4f2 Rf8e8
24.a3 d5
25.Rf2f5 cxb4
26.cxb4 Qd8b6
27.Qe2f2 Rc8c7
28.Qf2xb6 Rc7c3
29.Rf5xd5 Ng5e6
30.Qb6xa6 Ng6e7
31.Rd5xb5 Ne6d4
32.Rb5c5 Nd4e2
33.Kf1 Rc3xc5
34.bxc5 Ne2c3
35.Rd1a1 Ne7g6
36.Qa6c4 Ng6e5
37.Qc4xc3 f6
38.Ke2 g5
39.Qc3b3 Kg7
40.Qb3b7 Kg6
41.Qb7d5 Ne5g4
42.h3 Ng4e5
43.c6 Re8c8
44.d4 Rc8xc6
45.Ra1a2 Rc6c3
46.g4 Ne5d3
47.Qd5f5 Kg7
48.Kd2 Rc3b3
49.Kc2 { resign }
1-0

[Event "Tourn. n10099"]
[Site "www.echecsemail.com"]
[Date "2019.04.17"]
[Round "1"]
[White "Lenyb"]
[Black "Cemaah"]
[WhiteElo "2439"]
[BlackElo "2410"]
[Result "1-0"]
[Round "1"]
1.e4 c6
2.d4 d5
3.Nb1c3 dxe4
4.Nc3xe4 Bc8f5
5.Ne4g3 Bf5g6
6.Ng1f3 Nb8d7
7.Bf1d3 Bg6xd3
8.Qd1xd3 Ng8f6
9.O-O e6
10.c4 Bf8e7
11.Bc1f4 O-O
12.Ra1d1 Qd8a5
13.a3 Nf6h5
14.Bf4d2 { resign }
1-0

[Event "Tourn. n10066"]
[Site "www.echecsemail.com"]
[Date "2019.04.17"]
[Round "1"]
[White "Greghghs"]
[Black "Coolant"]
[WhiteElo "2510"]
[BlackElo "2320"]
[Result "1/2-1/2"]
[Round "1"]
1.d4 Ng8f6
2.c4 g6
3.Nb1c3 d5
4.cxd5 Nf6xd5
5.e4 Nd5xc3
6.bxc3 c5
7.Ng1f3 Bf8g7
8.Ra1b1 O-O
9.Bf1e2 Qd8c7
10.O-O Rf8d8
11.Bc1g5 h6
12.Bg5e3 Bc8g4
13.Qd1d2 Nb8c6
14.d5 e6
15.Rf1d1 exd5
16.exd5 Bg4xf3
17.Be2xf3 Nc6e5
18.Bf3e2 h5
19.h3 b6
20.Be3g5 f6
21.Bg5h6 Ne5f7
22.Bh6xg7 Kxg7
23.c4 Nf7d6
24.Be2d3 Rd8e8
25.Qd2c2 Qc7f7
26.a4 f5
27.Rd1e1 Re8xe1
28.Rb1xe1 Ra8e8
29.Re1xe8 Nd6xe8
30.Qc2e2 Ne8d6
31.Kh2 Qf7e8
32.Qe2b2 { draw }
1/2-1/2

[Event "Match"]
[Site "www.echecsemail.com"]
[Date "2019.04.18"]
[Round "1"]
[White "Karlgrocer"]
[Black "Coraza"]
[WhiteElo "1930"]
[BlackElo "1740"]
[Result "1-0"]
[Round "1"]
1.d4 e6
2.e3 d5
3.Ng1f3 Ng8f6
4.Bf1e2 Bf8b4
5.Bc1d2 Qd8d6
6.O-O Nb8c6
7.a3 Bb4xd2
8.Nb1xd2 Bc8d7
9.b4 O-O-O
10.c4 h5
11.c5 Qd6e7
12.Nd2b3 Nf6e4
13.Qd1c2 e5
14.b5 Nc6b8
15.Nf3xe5 h4
16.Ra1c1 h3
17.g3 f6
18.Ne5g6 Qe7e8
19.Ng6xh8 Qe8xh8
20.a4 Rd8g8
21.a5 g5
22.b6 a6
23.bxc7 Kxc7
24.Nb3d2 Ne4xd2
25.Qc2xd2 Qh8h7
26.Rc1b1 Qh7e4
27.f3 Qe4e7
28.Rf1e1 g4
29.f4 Qe7e4
30.Be2d3 Qe4e8
31.Qd2b4 Bd7c6
32.Bd3f5 Bc6b5
33.e4 Kc6
34.exd5 Kxd5
35.Re1xe8 Rg8xe8
36.Rb1e1 Nb8c6
37.Qb4b3 Bb5c4
38.Qb3d1 Nc6xa5
39.Re1xe8 Kc6
40.Qd1a4 { resign }
1-0

[Event "Tourn. n9966"]
[Site "www.echecsemail.com"]
[Date "2019.04.18"]
[Round "1"]
[White "Szustan"]
[Black "Jaroslavpech"]
[WhiteElo "2560"]
[BlackElo "2490"]
[Result "1/2-1/2"]
[Round "1"]
1.e4 e6
2.d4 d5
3.Nb1c3 Bf8b4
4.e5 c5
5.a3 Bb4xc3
6.bxc3 Ng8e7
7.Qd1g4 O-O
8.Bf1d3 c4
9.Bc1h6 Ne7g6
10.Bd3xg6 fxg6
11.Bh6e3 Qd8e8
12.h4 Nb8c6
13.h5 gxh5
14.Rh1xh5 Nc6e7
15.Ng1f3 Rf8f5
16.Be3g5 Qe8f7
17.O-O-O Ne7g6
18.Rd1h1 Ng6f8
19.Rh5h3 Bc8d7
20.Rh3g3 Bd7e8
21.Bg5f6 Rf5xf6
22.exf6 Qf7xf6
23.Nf3e5 Ra8d8
24.Rg3f3 Qf6e7
25.Qg4h3 h6
26.Rf3g3 Kh7
27.Qh3g4 Qe7f6
28.Rg3f3 Qf6e7
29.Rf3g3 Qe7f6
30.Qg4h4 Qf6xh4
31.Rh1xh4 Rd8c8
32.f4 Rc8c7
33.Rg3e3 Be8g6
34.g4 Kg8
35.Re3h3 Bg6e4
36.g5 Nf8d7
37.Ne5xd7 Rc7xd7
38.gxh6 g6
39.Rh3g3 { draw }
1/2-1/2

[Event "Match"]
[Site "www.echecsemail.com"]
[Date "2019.04.18"]
[Round "1"]
[White "Joseph1983"]
[Black "Yudoka"]
[WhiteElo "2170"]
[BlackElo "2270"]
[Result "0-1"]
[Round "1"]
1.d4 d5
2.c4 c6
3.cxd5 cxd5
4.Nb1c3 Ng8f6
5.Bc1f4 Nb8c6
6.e3 Bc8f5
7.Bf1d3 Bf5xd3
8.Qd1xd3 e6
9.Ng1f3 Bf8d6
10.Bf4xd6 Qd8xd6
11.O-O O-O
12.Ra1c1 Rf8c8
13.a3 Nc6a5
14.Nf3d2 Na5c4
15.Nd2xc4 dxc4
16.Qd3e2 a6
17.Rc1c2 b5
18.Rf1c1 Rc8c7
19.Qe2f3 Ra8c8
20.Nc3e4 Nf6xe4
21.Qf3xe4 h6
22.Rc2c3 Qd6d5
23.Qe4xd5 exd5
24.Kf1 Kf8
25.Ke2 a5
26.Kf3 Ke7
27.Kf4 Kd6
28.f3 g6
29.e4 f6
30.h4 Ke6
31.g4 g5
32.Kg3 b4
33.axb4 axb4
34.Rc3c2 c3
35.bxc3 dxe4
36.fxe4 Rc7xc3
37.Rc2xc3 Rc8xc3
{ resign }
0-1

[Event "Tourn. n10105"]
[Site "www.echecsemail.com"]
[Date "2019.04.18"]
[Round "1"]
[White "Jackbauer"]
[Black "Bojan"]
[WhiteElo "1870"]
[BlackElo "2060"]
[Result "1-0"]
[Round "1"]
1.e4 e5
2.f4 exf4
3.Ng1f3 Bf8c5
4.d4 Bc5b6
5.Bc1xf4 d6
6.Bf1c4 h6
7.c3 a6
8.O-O Ng8f6
9.Rf1e1 Nf6h5
10.Bf4e3 O-O
11.e5 d5
12.Bc4b3 g5
13.Nf3xg5 hxg5
14.Qd1xh5 f6
15.Bb3c2 Rf8f7
16.Re1f1 Qd8f8
17.Rf1xf6 Bc8e6
18.Qh5xg5 { resign }
1-0

[Event "Match"]
[Site "www.echecsemail.com"]
[Date "2019.04.18"]
[Round "1"]
[White "Telexmweene"]
[Black "Liencam2"]
[WhiteElo "2139"]
[BlackElo "2330"]
[Result "1-0"]
[Round "1"]
1.d4 Ng8f6
2.c4 c5
3.d5 d6
4.Nb1c3 g6
5.e4 Bf8g7
6.Ng1f3 O-O
7.Bf1d3 e6
8.O-O Nb8a6
9.a3 Na6c7
10.Rf1e1 Rf8e8
11.Bc1g5 e5
12.h3 a6
13.Qd1d2 Bc8d7
14.Bg5h6 Qd8c8
15.Kh2 Nf6h5
16.g4 Nh5f6
17.Qd2g5 Bg7xh6
18.Qg5xh6 Bd7xg4
19.Nf3g5 Bg4h5
20.Re1f1 Re8e7
21.f4 Qc8d8
22.fxe5 Re7xe5
23.Rf1xf6 Qd8xf6
24.Qh6xh7 Kf8
25.Ra1f1 Qf6xf1
26.Qh7h6 Ke7
27.Bd3xf1 b5
28.Ng5xf7 Kxf7
29.Qh6h7 Ke8
30.Qh7xc7 Ra8d8
31.cxb5 axb5
32.Bf1xb5 Kf8
33.Qc7xd8 { resign }
1-0

[Event "Tourn. n10106"]
[Site "www.echecsemail.com"]
[Date "2019.04.18"]
[Round "1"]
[White "Picifarkinca"]
[Black "Fantomas"]
[WhiteElo "2020"]
[BlackElo "2240"]
[Result "1-0"]
[Round "1"]
1.e4 e5
2.Ng1f3 Nb8c6
3.Bf1b5 Bf8c5
4.c3 Ng8e7
5.O-O a6
6.Bb5a4 b5
7.Ba4b3 Ne7g6
8.d4 Bc5d6
9.dxe5 Ng6xe5
10.Nf3xe5 Nc6xe5
11.f4 Bd6c5
12.Kh1 Ne5c6
13.Bb3xf7 Kf8
14.Bf7d5 Bc8b7
15.b4 Bc5e7
16.e5 Qd8e8
17.f5 Be7d8
18.f6 Nc6xe5
19.fxg7 Kxg7
20.Bd5xb7 Ra8b8
21.Bb7d5 c6
22.Bd5b3 Bd8f6
23.Bc1h6 Kxh6
24.Rf1xf6 Kg7
25.Qd1f1 Qe8e7
26.Rf6f4 Rh8f8
27.Nb1d2 d5
28.Ra1e1 Qe7d6
29.Bb3c2 h5
30.Rf4xf8 Rb8xf8
31.Qf1g1 Ne5g4
32.Nd2f3 Rf8f7
33.Qg1d4 Kg8
34.Re1e8 Rf7f8
35.Re8xf8 Kxf8
36.Kg1 Qd6h6
37.Qd4d2 Qh6e6
38.h3 Ng4f6
39.Qd2e1 Qe6d6
40.Qe1e5 Qd6e7
41.Qe5xe7 Kxe7
42.Nf3d4 Kd6
43.Bc2f5 c5
44.Nd4f3 cxb4
45.cxb4 d4
46.Nf3d2 Nf6d5
47.Kf2 Nd5e3
48.Bf5h7 Ne3d1
49.Kf3 Ke5
50.g3 Nd1b2
51.Bh7g6 { resign }
1-0

[Event "1/16 Finale"]
[Site "www.chess-mail.com"]
[Date "2019.04.18"]
[Round "1"]
[White "Drawlward"]
[Black "Gvladutz"]
[WhiteElo "2670"]
[BlackElo "2500"]
[Result "1-0"]
[Round "1"]
1.e4 e5
2.Ng1f3 Nb8c6
3.Bf1c4 Bf8c5
4.c3 Ng8f6
5.d4 exd4
6.e5 d5
7.Bc4b5 Nf6e4
8.cxd4 Bc5b6
9.Nb1c3 O-O
10.Bc1e3 f6
11.Qd1b3 Ne4xc3
12.Bb5xc6 bxc6
13.Qb3xc3 Qd8e8
14.exf6 Rf8xf6
15.Nf3e5 Bc8a6
16.O-O-O Ba6b5
17.b3 a5
18.a4 Bb5a6
19.Kb2 Qe8e6
20.f4 Qe6d6
21.g4 Rf6e6
22.Rh1e1 Re6h6
23.h4 Rh6xh4
24.Qc3c2 Ra8e8
25.Re1h1 Rh4xh1
26.Rd1xh1 g6
27.Qc2h2 Re8e7
28.f5 Qd6f6
29.fxg6 Ba6d3
30.Ne5xd3 Qf6xg6
31.Qh2d2 Qg6e4
32.Rh1e1 Bb6xd4
33.Be3xd4 Qe4xd4
34.Kc2 Re7xe1
35.Qd2xe1 Qd4xg4
36.Qe1e8 Kg7
37.Qe8e7 Kg8
38.Qe7d8 Kg7
39.Qd8xc7 Kg8
40.Qc7xa5 Qg4g2
41.Qa5d2 Qg2g6
42.Qd2f2 h5
43.a5 c5
44.Qf2xc5 Qg6g2
45.Qc5f2 Qg2g6
46.Qf2d4 Qg6g2
47.Kc3 Qg2h1
48.Kb4 Qh1f3
49.Nd3f4 Qf3f1
50.Qd4xd5 Kf8
51.Qd5c5 Ke8
52.Qc5b5 Qf1xb5
53.Kxb5 { resign }
1-0

[Event "1/64 Finale"]
[Site "www.chess-mail.com"]
[Date "2019.04.18"]
[Round "1"]
[White "Bojan"]
[Black "Traub"]
[WhiteElo "2020"]
[BlackElo "1690"]
[Result "1-0"]
[Round "1"]
1.e4 e6
2.d4 d5
3.exd5 exd5
4.Bf1d3 Ng8f6
5.a3 c5
6.Bc1e3 b6
7.Qd1e2 Bf8e7
8.dxc5 d4
9.Be3g5 h6
10.Bg5xf6 gxf6
11.cxb6 axb6
{ time. }
1-0

[Event "Tourn. n10083"]
[Site "www.echecsemail.com"]
[Date "2019.04.19"]
[Round "1"]
[White "Fabos12"]
[Black "Scasan55"]
[WhiteElo "1910"]
[BlackElo "1980"]
[Result "0-1"]
[Round "1"]
1.d4 d5
2.Ng1f3 Bc8g4
3.Bc1f4 Bg4xf3
4.gxf3 Nb8c6
5.h4 e6
6.c3 Qd8f6
7.Bf4g5 Qf6g6
8.e3 Bf8e7
9.Bg5f4 Be7d6
10.Bf1d3 f5
11.Bf4xd6 cxd6
12.Ke2 O-O-O
13.b4 e5
14.Bd3b5 exd4
15.Bb5xc6 bxc6
16.Rh1g1 Qg6f6
17.cxd4 f4
18.Qd1d3 Rd8d7
19.Qd3a6 Kd8
20.Qa6xc6 Ng8e7
21.Qc6a8 Ne7c8
22.Nb1c3 Rh8e8
23.Qa8xd5 fxe3
24.fxe3 Ke7
25.Nc3e4 Qf6h6
26.Ne4g5 Re8f8
27.Ra1c1 Nc8b6
28.Qd5e4 Kd8
29.Ng5e6 Ke8
30.Rg1xg7 { time. }
0-1

[Event "Tourn. n10056"]
[Site "www.echecsemail.com"]
[Date "2019.04.19"]
[Round "1"]
[White "Odin"]
[Black "Andychesston"]
[WhiteElo "1930"]
[BlackElo "1970"]
[Result "1/2-1/2"]
[Round "1"]
1.b4 d5
2.Bc1b2 d4
3.d3 e5
4.Qd1d2 Nb8c6
5.a3 b5
6.g3 Bc8b7
7.Bf1g2 Qd8d6
8.Ng1f3 Ng8f6
9.c4 e4
10.c5 Qd6d5
11.dxe4 Nf6xe4
12.Qd2d3 Nc6e5
13.Nf3xe5 Qd5xe5
14.Bb2xd4 Ne4xf2
15.Kxf2 O-O-O
16.Bg2xb7 Kxb7
17.Qd3f3 Qe5d5
18.Nb1c3 Qd5xf3
19.Kxf3 Rd8xd4
20.Ra1d1 Rd4c4
21.Nc3e4 h6
22.Rd1c1 f5
23.Ne4f2 g5
24.Nf2d3 Bf8g7
25.h3 g4
26.hxg4 fxg4
27.Kg2 Rc4e4
28.c6 Kb6
29.Rh1e1 Rh8e8
30.Nd3f4 Re4d4
31.e3 Rd4d2
32.Kf1 Bg7e5
33.e4 Be5xf4
34.gxf4 Rd2h2
35.e5 Re8f8
36.e6 Rf8xf4
37.Kg1 Rf4f2
38.Re1e5 Rf2e2
39.Rc1c5 g3
40.Rc5xb5 Kxc6
41.Rb5c5 Kd6
42.e7 Rh2g2
43.Kh1 Rg2h2
44.Kg1 { draw }
1/2-1/2

[Event "Tourn. n10100"]
[Site "www.echecsemail.com"]
[Date "2019.04.19"]
[Round "1"]
[White "Add"]
[Black "Mitja"]
[WhiteElo "2180"]
[BlackElo "2140"]
[Result "0-1"]
[Round "1"]
1.e4 d5
2.e5 e6
3.d4 h6
4.Ng1f3 c6
5.a3 Ng8e7
6.Bf1d3 b6
7.O-O Bc8a6
8.c3 Ba6xd3
9.Qd1xd3 Ne7f5
10.b4 b5
11.Nb1d2 Nb8d7
12.Nd2b3 Nd7b6
13.Nb3a5 Qd8c7
14.Rf1e1 Nb6c4
15.Na5xc4 bxc4
16.Qd3c2 a5
17.Qc2a4 Qc7b6
18.bxa5 Ra8xa5
19.Ra1b1 Qb6xb1
20.Qa4xa5 Qb1b7
21.Qa5a4 Bf8e7
22.Re1e2 O-O
23.Re2b2 Qb7c7
24.Qa4a6 Rf8c8
25.Rb2b7 Qc7d8
26.g3 Be7f8
27.Nf3e1 Nf5e7
28.Ne1c2 Rc8a8
29.Rb7a7 Ra8b8
30.Nc2b4 Qd8b6
31.Qa6a4 c5
32.dxc5 Qb6xc5
33.Nb4a6 Qc5b5
34.Na6xb8 Qb5b1
35.Qa4c2 Qb1xc2
{ resign }
0-1

[Event "Tourn. n10093"]
[Site "www.echecsemail.com"]
[Date "2019.04.19"]
[Round "1"]
[White "Eugenius"]
[Black "Andychesston"]
[WhiteElo "1879"]
[BlackElo "1980"]
[Result "1-0"]
[Round "1"]
1.d4 d5
2.c4 Ng8f6
3.cxd5 Nf6xd5
4.e4 Nd5f6
5.Nb1c3 e6
6.Ng1f3 Bf8e7
7.Bf1d3 Nf6g4
8.h3 Ng4xf2
9.Kxf2 Be7h4
10.Nf3xh4 Qd8xh4
11.g3 Qh4f6
12.Kg2 O-O
13.e5 Qf6d8
14.Qd1g4 f5
15.exf6 Rf8xf6
16.Bc1g5 Nb8d7
17.Nc3e4 e5
18.Bg5xf6 Nd7xf6
19.Ne4xf6 Qd8xf6
20.Qg4e4 g6
21.Qe4xe5 Qf6f7
22.Rh1f1 Qf7d7
23.Bd3c4 { resign }
1-0

[Event "Tourn. n10102"]
[Site "www.echecsemail.com"]
[Date "2019.04.19"]
[Round "1"]
[White "Claudia"]
[Black "Bigrezi"]
[WhiteElo "2020"]
[BlackElo "2240"]
[Result "1-0"]
[Round "1"]
1.d4 Ng8f6
2.c4 g6
3.Nb1c3 d5
4.cxd5 Nf6xd5
5.e4 Nd5xc3
6.bxc3 Bf8g7
7.Bc1g5 a6
8.Ra1c1 O-O
9.Ng1f3 Rf8e8
10.Bf1e2 Bc8d7
11.O-O c6
12.Qd1d2 b6
13.h3 Qd8c7
14.Nf3h2 c5
15.Be2g4 Bd7xg4
16.Nh2xg4 c4
17.Ng4h6 Kf8
18.f4 f6
19.f5 fxg5
20.fxg6 Bg7f6
21.e5 Kg7
22.exf6 exf6
23.Nh6g4 Nb8c6
24.gxh7 Kxh7
25.Ng4xf6 Kg6
26.Nf6xe8 Ra8xe8
27.Qd2c2 Kh6
28.Rf1f6 Kg7
29.Qc2g6 { resign }
1-0

[Event "Tourn. n10110"]
[Site "www.echecsemail.com"]
[Date "2019.04.19"]
[Round "1"]
[White "Bojan"]
[Black "Apdash"]
[WhiteElo "2040"]
[BlackElo "2170"]
[Result "1-0"]
[Round "1"]
1.e4 e5
2.Ng1f3 Nb8c6
3.Nb1c3 Bf8b4
4.Nc3d5 Bb4c5
5.Bf1b5 d6
6.d4 exd4
7.Nf3xd4 Bc8d7
8.Nd4b3 a6
9.Nb3xc5 dxc5
10.Bb5d3 Bd7e6
11.Qd1f3 Nc6e5
12.Qf3g3 Ne5xd3
13.Qg3xd3 b5
14.Qd3f3 c6
15.Nd5f4 Qd8d7
16.Bc1e3 Be6g4
17.Qf3g3 g6
18.f3 Bg4e6
19.Be3xc5 Ng8e7
20.Ra1d1 Qd7c8
21.Qg3g5 Ne7g8
22.Qg5e5 f6
23.Qe5xe6 Qc8xe6
24.Nf4xe6 Kf7
25.Ne6c7 Ra8c8
26.Rd1d7 { resign }
1-0